Macanudo 1.

Gardado en:
Detalles Bibliográficos
Autor Principal: Liniers (autor)
Formato: Libro
Publicado: Buenos Aires, Argentina: Ediciones de la Flor, 2013.
Edición:Decimocuarta edición.
Subjects:
Tags: Engadir etiqueta
Sen Etiquetas, Sexa o primeiro en etiquetar este rexistro!

MARC

LEADER 00000nam a22000007a 4500
003 CL-VaPUC
005 20250321101925.0
008 250117t2013 ||||| |||| 00| 0 eng d
999 |c 446614  |d 446612 
020 |a 978-950-515-757-0 
040 |c Pontificia Universidad Católica de Valparaíso 
082 |a 741.5 LIN 2013 
100 |9 590070  |a Liniers  |e autor 
245 |a Macanudo 1. 
250 |a Decimocuarta edición. 
260 |a Buenos Aires, Argentina:  |b Ediciones de la Flor,  |c 2013. 
300 |a 96 páginas:  |b ilustraciones. 
500 |a c.1. Instituto Arcos.08-01-2025. 
583 |c 20250117  |k Gabriela Rodríguez Cuevas 
650 0 |9 536655  |a Humor gráfico  |z Argentina 
650 0 |9 369534  |a Cómics  |z Argentina 
942 |2 ddc  |c BK  |n 0 
952 |0 0  |1 0  |2 ddc  |4 0  |6 741_500000000000000_LIN_2013  |7 0  |9 599520  |a BIBINC  |b BIBINC  |c GEN  |d 2025-01-17  |e Instituto Arcos  |i 5664456  |o 741.5 LIN 2013  |p 5664456  |r 2025-01-17  |t 1  |w 2025-01-17  |y BK  |k IFP